Guía turistica Chile

Uloženo v:
Podrobná bibliografie
Hlavní autor: Ferrada C., María (Autor)
Médium: Kniha
Jazyk:španělština
Vydáno: Santiago Ferrocarriles del Estado 1966
Vydání:1a. ed
Témata:
Tagy: Přidat tag
Žádné tagy, Buďte první, kdo vytvoří štítek k tomuto záznamu!

MARC

LEADER 00000cam a2200000 a 4500
001 UCD1623
003 CL-VaPUC
008 160316e19660000cl |||||||||||||||||spa|d
082 0 4 |a 918.304  |b FER  |2 21 
100 0 |a Ferrada C., María  |e author  |9 584746 
245 1 0 |a Guía turistica Chile 
250 |a 1a. ed 
300 |a 146 p 
942 |c BK 
945 |d 20160316 17:23:00  |a arojas 
260 |a Santiago  |b Ferrocarriles del Estado  |c 1966 
650 7 |a CAMPING  |2 CL-VaPUC  |9 308205 
650 0 |a Vacaciones  |9 548460 
650 0 |a Mapas  |9 260844 
651 7 |a CHILE  |2 CL-VaPUC  |9 584748 
583 |a last modification  |c 20160316 17:23:00  |k Rodrigo Vera 
999 |c 362894  |d 362892 
952 |0 0  |1 0  |3 erb  |4 0  |6 918_304000000000000_FER_1966  |7 0  |8 X  |9 474490  |a FDOBUD  |b FDOBUD  |i 5217814  |o 918.304 FER 1966  |p 5217814  |r 2019-11-24  |w 2019-11-24  |y BK_X  |z Catalogado en:20160316  |k BUD